000 00520cam a2200193ua 4500
001 6721
008 140308n ii |||gr||||Z||||||eng
020 _a978-81-7381-736-6
040 _cMAIN
082 _a658.1511
245 _aManagement accountancy
_cBy B.K. Basu
250 _aRev & enl Central ed/ rep.
260 _aKolkata:
_bNew central book agency (p) ltd.,
_c2008.
300 _axxi,1101p.
653 _aGeneral management
653 _aManagement accountancy
700 _aBasu,B.K.,
_eAuthor.
942 _cBK
999 _c5869
_d5869